EU reference scenario 2016 energy, transport and GHG emissions : trends to 2050

Guardado en:
Detalles Bibliográficos
Autor Corporativo: European Commission
Formato: Libro
Lenguaje:inglés
Publicado: Luxembourg Publications Office of the European Union 2016
Materias:
Etiquetas: Agregar Etiqueta
Sin Etiquetas, Sea el primero en etiquetar este registro!

MARC

LEADER 00000nlm a2200000 4500
001 0225083
005 20220715110449.8
020 |a 978-92-79-52374-8 
041 0 |a eng 
044 |a LU 
245 1 0 |a EU reference scenario 2016  |b energy, transport and GHG emissions : trends to 2050 
264 1 |a Luxembourg  |b Publications Office of the European Union  |c 2016 
300 |a online [217 s.] 
610 2 0 |a energetika 
610 2 0 |a politika energetická 
610 2 0 |a zdroje energie obnoviteľné 
610 2 0 |a spotreba energie 
610 2 0 |a elektrina 
610 2 0 |a plyn 
610 2 0 |a doprava 
610 2 0 |a emisie 
610 2 0 |a populácia 
610 2 0 |a údaje štatistické 
710 2 |a European Commission